[Event "IND-ch U15 48th"]
[Site "Jalgaon"]
[Date "2023.12.27"]
[Round "1"]
[White "Samyak, Dharewa"]
[Black "Ishan, Roy"]
[Result "1-0"]
[WhiteElo "1939"]
[BlackElo "1422"]
[PlyCount "77"]
[EventDate "2023.12.27"]
[EventType "swiss"]
[EventRounds "11"]
[EventCountry "IND"]
[SourceTitle "CB02_2024"]
[SourceDate "2024.01.10"]
[SourceVersion "1"]
[SourceVersionDate "2024.01.10"]
[SourceQuality "1"]

1. e4 e6 2. Nf3 d5 3. Nc3 Bb4 4. e5 c5 5. Nb5 Nc6 6. c3 Ba5 7. d4 cxd4 8. Nbxd4 Nge7 9. Bd3 Nxd4 10. Nxd4 Qc7 11. 0-0 Bd7 12. f4 Nc6 13. Nb5 Qd8 14. Qh5 Bb6+ 15. Kh1 Bc5 16. f5 a6 17. Bg5 Qb6 18. Nd6+ Bxd6 19. exd6 e5 20. f6 g6 21. Bxg6 0-0-0 22. Bxf7 Qc5 23. Rad1 d4 24. cxd4 exd4 25. Bf4 Qxh5 26. Bxh5 Rhf8 27. Bh6 Rh8 28. f7 Rhf8 29. Rfe1 Nb4 30. Rxd4 Nc6 31. Rdd1 b5 32. Bxf8 Rxf8 33. Re8+ Bxe8 34. fxe8Q+ Rxe8 35. Bxe8 Nd8 36. Rc1+ Kb7 37. d7 h5 38. Rc8 Ne6 39. Bf7 1-0